000 00687nam a2200253Ia 4500
003 OSt
005 20220928130156.0
006 a|||||r|||| 00| 0
007 ta
008 220927b |||||||| |||| 00| 0 eng d
020 _c700
024 _a101449
037 _b163, 03/11/2009, Granthlok
_cTextual
040 _aSDCL
_cSDCL
_beng
041 _2eng
_aeng
082 _aO152,1NUx, P9
100 _aUdhbrant
_9473009
245 0 _aTreta.
260 _aNew Delhi
_bNational Publishing House
_c2009
300 _axx,448p
_ccm.
650 _aHindi
_9391598
942 _hO152,1NUx, P9
_cTEXL
_2CC
999 _c785551
_d785551